| 000 | 00824cam a22002777a 4500 | ||
|---|---|---|---|
| 003 | CHAP | ||
| 005 | 20220329141032.0 | ||
| 008 | 971013s1993 r 00010 d | ||
| 010 | _a61647 | ||
| 011 | _a62619 | ||
| 035 | _a66793 | ||
| 040 | _cCHAP | ||
| 082 |
_a660.6 _bB8 |
||
| 100 | 0 | 0 |
_aBud, Robert. _915916 |
| 245 | 1 | 4 |
_aThe uses of life _b: a history of biotechnology |
| 260 |
_aCambridge : _bCambridge University, _c1993 |
||
| 300 |
_a299 p. _b: ilus. |
||
| 590 |
_aBATCH-UPD _b10 _c20130110 _lUCH01 _h0449 |
||
| 590 |
_aBATCH-UPD _b10 _c20130410 _lUCH01 _h0126 |
||
| 590 |
_aBATCH-UPD _b10 _c20130914 _lUCH01 _h0640 |
||
| 590 |
_aCONVERSION _b10 _c20130109 _lUCH01 _h1333 |
||
| 650 | 1 | 4 |
_aBiotecnología. _912878 |
| 901 | _aBK | ||
| 942 | _cLIBRO | ||
| 949 |
_a660.6 B8 _bBC _cLIBRO _d33724000625232 _eLIBRO _h91273 _i66793 _si |
||
| 999 |
_c61647 _d61647 |
||